000
00332 a2200145 4500
001
153442
040
_c
Escola São Tomás de Aquino
100
_a
SIMMEL, J.M.
240
1
0
_a
É proibido chorar
_l
por
245
1
0
_a
É proibido chorar
362
0
_a
2000
440
1
_a
Nova Fronteira
697
_a
*LITERATURA JUVENIL
942
_c
BK
999
_c
153442
_d
153442